MDQL
is popping MORE tags! Check the
thread
!
Quizzes
Events
Quiz Creation
Community
Videos
Private Events
Remove Ads
Sign In
Join for FREE
Feedback
Dark Mode
Quiz Categories
Sports
Geography
Music
Movies
Television
Just For Fun
Miscellaneous
History
Literature
Language
Science
Gaming
Entertainment
Religion
Holiday
For Kids
Quiz Lab
Recent
Popular Today
Quiz Kudos Today
Editor Picks
Curator Picks
Quizzes by...
Day
Popularity
Type
Ratings
Length
Year
Community
Subscriptions
Recent Discussions
Orange Saloon
Badges
Playlists
Quests
Create
Leaderboards
Showdown
Live 5
Trivia Bingo
Activity
Puzzle Library
Sporcle Events
Private Events
Virtual Trivia
Globe League
Become a Host
Pub Owners
SporcleCon
Opinionation
Our Games
Videos
Blog
Mobile Apps
Partnerships
Remove Ads and Go Orange
Feedback
Music
Pop Music
The Beatles
Song
Album
Lyrics
Bands
Singers
Artist
Clip
Rock
Rap
Classical
Billboard
Country Music
Kpop
Taylor Swift
Music
Pop Music
The Beatles
Song
Album
Lyrics
Bands
Singers
Artist
Clip
Rock
Rap
Classical
Billboard
Country Music
Kpop
Taylor Swift
Random Quiz
Search Sporcle
×
Quiz Lab
Quiz Lab
Music
The Beatles
Type in answers that appear in a list
Type in answers that appear in a list
Classic
Best Score? Go Orange.
Beatles Songs from their Lyrics Stats
Can you name the Beatles Songs from a random line of the Lyrics?
By
planetmutty
10m
24 Questions
407 Plays
407 Plays
407 Plays
Comments
Comments
Give Quiz Kudos
Give Quiz Kudos
-
- Ratings
hide this ad
Forced Order
Answers have to be entered in order
Answers have to be entered in order
Replay
Link that replays current quiz
Next Quiz
Link to next quiz in quiz playlist
You Got
0%
They Got
Avg Score
63%
Avg Friend Score
Upgrade to see
Score Distribution
Jump to the score distribution portion of the page
Score
0/24
Timer
10:00
0
Plays Today
Lyric
Song
% Correct
And our friends are all on board. Many more of them live next door
Yellow Submarine
87.2%
Picture yourself on a train in a station. With Plasticine porters with looking-
glass ties
Lucy In The Sky With Diamonds
86.2%
Why she had to go, I don't know, she wouldn't say.
Yesterday
82.1%
I say high, you say low, You say why and I say I don't know, oh no
Hello, Goodbye
80.8%
You have found her, now go and get her
Hey Jude
80.1%
But now these days are gone and I'm not so self assured. And now I find I've changed my mind, I've opened up the doors
Help!
79.6%
Sont des mots qui vont très bien ensemble. Très bien ensemble
Michelle
77.4%
Say you don't need no diamond rings And I'll be satisfied
Can't Buy Me love
76.2%
You're asking me will my love grow. I don't know, I don't know
Something
74%
When I'm home everything seems to be right. When I'm home feeling you holding me tight, tight, yeah
A Hard Day's Night
73.7%
Nothing you can know that isn't known. Nothing you can see that isn't shown
All You Need Is Love
69.8%
So I looked around And I noticed there wasn't a chair
Norwegian Wood
68.3%
Lyric
Song
% Correct
I don't know why she's riding so high. She ought to think twice She ought to do right by me
Ticket To Ride
66.6%
Been away so long I hardly knew the place. Gee it's good to be back home
Back In The USSR
65.4%
The sun is up, the sky is blue. It's beautiful and so are you
Dear Prudence
59%
Sounds of laughter shades of life are ringing through my open ears inciting and inviting me
Across The Universe
54.5%
There were birds in the sky But I never saw them winging
Till There Was You
52.1%
Waiting to keep the appointment she made. Meeting a man from the motor trade
She's Leaving Home
51.6%
I want to tell her that I love her a lot But I gotta get a bellyful of wine
Her Majesty
47.2%
But listen to the colour of your dreams. It is not living, it is not living
Tomorrow Never Knows
44.5%
I said move over once, move over twice. Come on baby don't be cold as ice
One After 909
40%
I never realized what a kiss could be. This could only happen to me. Can't you see, can't you see
I Should Have Known Better
39.1%
So please listen to me if you wanna stay mine. I can't help my feelings, I'll go out of my mind
You Can't Do That
36.6%
I took my loved one over across the tracks. I took my loved one over across the tracks, So she can hear my man awail a sax
Rock and Roll Music
33.2%
Quiz Playlist
Details
Report
Send in Message
Add To Playlist
Classic:
Type in answers that appear in a list
Forced Order:
Answers have to be entered in order
Last Updated: Feb 27, 2018
Quiz Scoreboard
CHALLENGE
Sign Up to Join the Scoreboard
Show All
Scores
Hide
Comments
May contain spoilers
Recently Published
Colored Red Africa Blitz
by spor1
Geography
30s
Find the 'City' Movie
by crazypaving
Movies
60s
5x2 Blitz: Bands
by SL_Kpop136
Music
30s
More to Explore
Quiz From the Vault
Featured Blog Post
14 Easter Pick-up Lines to Find Eggs With
hide this ad
You Might Also Like...
Tags
Lyrics Quiz
The Beatles Quiz
1960s
Match Lyrics
Original Lyrics
Rock Lyrics
Today's Top Quizzes in Music
Browse Music
hide this ad
Today's Top Quizzes in The Beatles
Browse The Beatles
Top Contributed Quizzes in Music
1
5X2 Blitz: Bands II
2
Taylor Swift Logic Puzzle II
3
Taylor Swift All Songs (2024)
4
5X2 Blitz: The Beatles
5
5X2 Blitz: Billboard
6
5X2 Blitz: Singers
7
5X2 Blitz: Album
8
5X2 Blitz: Rock
9
Music Artist by Three 2010s hits
10
5X2 Blitz: Billboard II
Explore More
Trending Topics
Harry Potter
Kpop
Anime
Disney
NBA
Crossword
Marvel
Country
The Office
Soccer
Pokémon
WWE
Song
NFL
Puzzle
hide this ad
More By:
planetmutty
Quiz
Plays
Rating
Category
Featured
Created
'-GUE' Ending Words
9,794
4.75
Language
Feb 15, 2023
-OLA words
2,000
4.86
Language
May 8, 2021
Rolling Stones Songs from their Lyrics
1,435
4.52
Music
Feb 17, 2018
'M' Literature Quiz
1,423
4.72
Literature
Nov 27, 2019
QUE ending words
1,187
5.00
Language
Feb 13, 2023
Go to Creator's Profile
Score Distribution
Quiz Creator Spotlight
planetmutty
Follow
Send a Message
Quizzes Created
-
Created Quiz Play Count
-
More By This Creator
Popular Quizzes Today
1
Find the 'City' Movie
2
5x2 Blitz: Bands
3
Colored Red Africa Blitz
4
Find the US States - No Outlines Minefield
5
The Countries of the World
6
Find the US States
7
9x9 Crossword: Cartoon Network
8
US States
More Music Quizzes
March Backwards - March 18
Curator's Pick
Trending Quizzes
Colored Red Europe Blitz I
Colored Red Africa Blitz II
Colored Red Europe Blitz III
Colored Red Europe Blitz II
Colored Red Africa Blitz III
Recently Updated
Champions League XIs: Real Madrid
pecheneg
Largest US Cities 1790-2010
pecheneg
Rides in Walt Disney World
pecheneg
Most Oscar Losses (Acting)
pecheneg
Beyoncé Albums
pecheneg
Leaping Animals
pecheneg
Reality TV Shows (A-Z)
bhenderson79
Rickey Henderson's Hall of Fame Teammates
pecheneg
Champions League XIs: Arsenal
pecheneg
Quick Pick: Celebrities in WWE's Hall of Fame
aduchscher
Trending Topics
Disney
NBA
Anime
Harry Potter
Crossword
Kpop
Marvel
Country
Puzzle
WWE
Soccer
Pokémon
The Office
NFL
Song
Your Account Isn't Verified!
In order to create a playlist on Sporcle, you need to verify the email address you used during registration. Go to your
Sporcle Settings
to finish the process.
Report this User
Report this user for behavior that violates our
Community Guidelines
.
Details:
Send Report
Go to the Sporcle.com Mobile Site →
Comments